000 00407nam a2200169Ia 4500
003 0STCL
008 150530s9999 xx 000 0 und d
040 _aSTCL
_cSTCL
100 _aSaxena, B.S.; Others
245 _aFundementals of solid state physics
250 _aFifteenth
260 _bPragati Prakashan
_c1996
546 _aEnglish
942 _2ddc
_cBK
999 _c28720
_d28720
005 20220125170135.0